Heart-beast /

The secrets of Daniel Vehmund's soul have always haunted him -- especially the change that came whenever the full moon appeared, and the fever dreams from which he had no desire to awake. Living in a sun-scorched Muslim country, Daniel is soon intrigued by an old man in the marketplace, who pos...

Full description

Bibliographic Details
Main Author: Lee, Tanith
Format: Book
Language:English
Published: New York, N.Y. : Dell Pub., [1992]
Subjects:

MARC

Tag First Indicator Second Indicator Subfields
LEADER 00000cam a2200000Ia 4500
001 in00003426321
005 20151206091646.0
008 940315s1992 nyu 000 1 eng d
020 |a 0440214556 
020 |a 9780440214557 
035 |a (OCoLC)ocm29971297 
035 |a (OCoLC)29971297 
040 |a NNY  |b eng  |c NNY  |d OCL  |d OCLCQ  |d TNF  |d OCLCO  |d OCLCQ  |d OCLCF  |d TXA  |d UtOrBLW 
049 |a TXAM 
050 4 |a PR6062.E4163  |b H43 1992 
100 1 |a Lee, Tanith. 
245 1 0 |a Heart-beast /  |c Tanith Lee. 
264 1 |a New York, N.Y. :  |b Dell Pub.,  |c [1992] 
264 4 |c ©1992 
300 |a 282 pages ;  |c 22 cm. 
336 |a text  |b txt  |2 rdacontent 
337 |a unmediated  |b n  |2 rdamedia 
338 |a volume  |b nc  |2 rdacarrier 
500 |a The Cushing Library/Science Fiction copy was used to compile Daughter of the night : an annotated Tanith Lee bibliography. 
520 |a The secrets of Daniel Vehmund's soul have always haunted him -- especially the change that came whenever the full moon appeared, and the fever dreams from which he had no desire to awake. Living in a sun-scorched Muslim country, Daniel is soon intrigued by an old man in the marketplace, who possesses a huge diamond with an odd flaw that looks mysteriously like a wolf. 
650 0 |a Werewolves  |v Fiction. 
650 7 |a Werewolves.  |2 fast  |0 (OCoLC)fst01173872 
655 7 |a Horror fiction.  |2 gsafd 
655 7 |a Fiction.  |2 fast  |0 (OCoLC)fst01423787 
948 |a cataloged  |b h  |c 2014/1/30  |d c  |e junters  |f 10:45:35 am 
994 |a C0  |b TXA 
999 |a MARS 
999 f f |s efb8b84c-fcc0-3ae7-af16-ae3f11c8b94a  |i 6ec18106-0ca2-334f-90bb-c27dd5c0ade3  |t 0 
952 f f |p noncirc  |a Texas A&M University  |b College Station  |c Cushing Memorial Library & Archives  |d Cushing: Science Fiction (Does not check out)  |t 0  |e PR6062.E4163 H43 1992  |h Library of Congress classification  |i unmediated -- volume 
998 f f |a PR6062.E4163 H43 1992  |t 0  |l Cushing: Science Fiction (Does not check out)